| 000 | 00720nam a2200229Ia 4500 | ||
|---|---|---|---|
| 003 | GCL | ||
| 008 | 140319s9999 xx 000 0 ara d | ||
| 040 |
_aGCL / _cGCL |
||
| 082 | 0 | 4 |
_a398.22 _bش ا |
| 100 | 1 | _aالشركة العالمية للكتاب | |
| 245 | 1 | 0 |
_aالف ليلة وليلة / _cالشركة العالمية للكتاب |
| 260 |
_a[S.N] : _bالشركة العالمية للكتاب ش م ل ، _c1990 |
||
| 300 | _a574 ص | ||
| 490 | _a | ||
| 650 | 0 | 4 | _aالفولكلور |
| 650 | 0 | 4 | _aالسحر |
| 650 | 0 | 4 | _aالاساطير العربية |
| 650 | 0 | 4 | _aالادب الشعبى |
| 650 | 0 | 4 | _aالقصص الخرافية |
| 650 | 0 | 4 | _aالف ليلة وليلة |
| 942 |
_2ddc _cBK |
||
| 999 |
_c34347 _d34347 |
||